John Gould's contribution to British art : a note on its authenticity /

Saved in:
Bibliographic Details
Main Author: McEvey, Allan
Other Authors: Burke, Joseph Sir, 1913-1992
Format: Book
Language:English
Published: Sydney : Sydney University Press for the Australian Academy of the Humanities, 1973.
Series:Art monograph (Australian Academy of the Humanities) ; 2.
Subjects:
LEADER 01562cam a2200337 a 4500
001 c000274403
003 CARM
005 20071024120349.0
008 740716s1973 at f 000 0 eng d
019 1 |a 23868967  |z 21851809  |z 22472145  |z 1627200  |z 51839282  |5 LACONCORD2021 
020 |a 0424067609 :  |c $4.00 Aust 
035 |a (OCoLC)1017962  |5 LACONCORD2021 
040 |a ANB  |b eng  |c ANB  |d VU 
042 |a anuc 
082 0 0 |a 759/.2  |2 20 
082 0 4 |a 759/.2  |2 20 
100 1 |a McEvey, Allan. 
245 1 0 |a John Gould's contribution to British art :  |b a note on its authenticity /  |c [by] Allan McEvey ; With a foreword by Professor J.T. Burke. 
260 |a Sydney :  |b Sydney University Press for the Australian Academy of the Humanities,  |c 1973. 
300 |a ix, 28 p., 16 p. of plates ;  |c 24 cm. 
490 1 |a Art monograph / Australian Academy of the Humanities ;  |v 2 
500 |a English paintings. Gould, John, 1804-1881. Special subjects: Birds (ANB/PRECIS SIN 600232832) 
600 1 0 |a Gould, John,  |d 1804-1881. 
650 0 |a Birds in art. 
700 1 |a Burke, Joseph  |c Sir,  |d 1913-1992. 
830 0 |a Art monograph (Australian Academy of the Humanities) ;  |v 2. 
852 8 |b CARM  |h A1:AM05E0  |i C10002  |p 0397309  |f BK 
852 8 |b CARM  |h A1:AL12D0  |i F03133  |p 0453750  |f BK 
999 f f |i d6585f6f-e338-5323-a8aa-cd2e7626922d  |s 1281a636-847f-54c8-8c35-4fa66ddec967 
952 f f |p Can circulate  |a CAVAL  |b CAVAL  |c CAVAL  |d CARM 1 Store  |e F03133  |f A1:AL12D0  |h Other scheme  |i book  |m 0453750 
952 f f |p Can circulate  |a CAVAL  |b CAVAL  |c CAVAL  |d CARM 1 Store  |e C10002  |f A1:AM05E0  |h Other scheme  |i book  |m 0397309